FC Nicknames To Official Club Names - Statistics

General Stats
  • This quiz has been taken 6 times
  • The average score is 10 of 15
Answer Stats
Hint Answer % Correct
The Magpies Newcastle United
100%
The Blues Chelsea
83%
The Hammers Westham
83%
The Wolves Wolverhampton
83%
The Tykes Barnsley
67%
Pompey Portsmouth
67%
The Millers Rotherham
67%
The Blades Sheffield United
67%
The Owls Sheffield Wednesday
67%
The Saints Southampton
67%
The Potters Stoke City
67%
The Trotters Bolton
50%
The Stags Mansfield Town
50%
The Grecians Exeter City
33%
The Gas Bristol Rovers
0%
No matching quizzes found
Score Distribution
Percent of People with Each Score
Percentile by Number Answered
Your Score History
You have not taken this quiz